| 000 | 00562nam a2200217Ia 4500 | ||
|---|---|---|---|
| 003 | OSt | ||
| 005 | 20250923114458.0 | ||
| 008 | 210210b2011 xxu||||| |||| 00| 0 eng d | ||
| 020 | _a9788183568685 | ||
| 040 | _cAL | ||
| 041 | _aeng | ||
| 082 | _a370 REDV | ||
| 100 |
_aDayakara Vaddi Reddy _9240121 |
||
| 245 | _aValue oriented education of teacher trainees | ||
| 260 |
_aNew Delhi _bDiscovery Publishing House _c2011 |
||
| 300 | _axvi,309p | ||
| 690 |
_aEducation _9240128 |
||
| 700 |
_aNagarjuna Thogata _9240129 |
||
| 906 | _a066211 | ||
| 942 |
_2ddc _cBK |
||
| 999 |
_c146648 _d146648 |
||